Normal view
MARC view
- Roller compacted concrete
Entry Topical Term
001 - CONTROL NUMBER
- control field: 43843
003 - CONTROL NUMBER IDENTIFIER
- control field: NUST
005 - DATE AND TIME OF LATEST TRANSACTION
- control field: 20210314132809.0
008 - FIXED-LENGTH DATA ELEMENTS
- fixed length control field: 210314|| aca||aabn | a|a d
040 ## - CATALOGING SOURCE
- Original cataloging agency: NUST
- Transcribing agency: NUST
150 ## - HEADING--TOPICAL TERM
- Topical term or geographic name entry element: Roller compacted concrete
- General subdivision: Congresses
670 ## - SOURCE DATA FOUND
- Source citation: Work cat.: (NUST): Roller-compacted concrete pavements and concrete construction., 1986.
